Ransom Lyrics - Statistics

General Stats
  • This quiz has been taken 77 times
    76 since last reset
  • The average score is 279 of 400
Answer Stats
Answer % Correct
I
100%
a
98%
got
98%
you
95%
when
93%
black
91%
the
91%
The
91%
white
91%
in
90%
what
90%
What
90%
to
88%
Hop
84%
hop
84%
want
84%
blow
81%
I'm
78%
ransom
78%
two
78%
up
78%
and
76%
And
76%
Glocks
76%
glocks
76%
twin
76%
know
74%
out
74%
Phantom
72%
phantom
72%
ass
71%
dancer
71%
for
71%
They
71%
they
71%
Ghost
69%
Turn
69%
turn
69%
take
67%
gone
66%
me
64%
'bout
62%
dumb
62%
my
62%
opps
62%
see
62%
that
62%
try
62%
ain't
60%
blue
60%
outside
60%
red
60%
so
59%
blowing
55%
flow
55%
on
53%
say
53%
some
53%
banner
52%
yeah
52%
Now
50%
now
50%
Louis
48%
thots
48%
gang
47%
thick
47%
'em
45%
leave
45%
Balenciaga
43%
Prada
43%
place
41%
their
41%
hit
40%
wanna
40%
from
38%
Vuitton
38%
Milan
36%
them
36%
Fendi
34%
She
34%
just
33%
lick
31%
need
29%
of
29%
or
29%
all
28%
face
28%
But
26%
don't
26%
get
26%
bottom
24%
started
24%
diamonds
22%
die
22%
pull
22%
tryna
22%
way
22%
Chanel
21%
downfall
21%
one
21%
rider
21%
lots
19%
are
17%
'cause
17%
ton
17%
hate
16%
needed
16%
weigh
16%
inbox
14%
last
14%
shawties
14%
stunt
14%
taste
14%
could
12%
year
12%
laced
10%
line
9%
No matching quizzes found
Score Distribution
Percent of People with Each Score
Percentile by Number Answered
Your Score History
You have not taken this quiz since the last reset